000 00310nam a2200121Ia 4500
008 220204s9999 xx 000 0 und d
082 _a547
_bFRE
100 _aFreudenberg, Karl
245 0 _aOrganic chemistry
260 _aAnn Arbor
_bUniversity of Michigan
_c1960
700 _aPlieninger, Hans
942 _cBK
999 _c20634
_d20634